[Event "COL-ch Seniors"]
[Site "Cartagena"]
[Date "2016.10.26"]
[Round "1"]
[White "Nunez Romero, Rafael"]
[Black "Morales, Luis Eduardo"]
[Result "1/2-1/2"]
[WhiteElo "1635"]
[BlackElo "1881"]
[PlyCount "59"]
[EventDate "2016.10.26"]
[EventType "swiss"]
[EventRounds "7"]
[EventCountry "COL"]
[SourceTitle "EXT 2018"]
[Source "ChessBase"]
[SourceDate "2017.10.13"]
[SourceVersion "1"]
[SourceVersionDate "2017.10.13"]
[SourceQuality "1"]

1. e4 c6 2. d4 d5 3. e5 Bf5 4. Bd3 Bxd3 5. Qxd3 e6 6. f4 Nd7 7. Nf3 c5 8. c3 Qb6 9. 0-0 Ne7 10. Be3 Nc6 11. Nbd2 c4 12. Qc2 Rc8 13. Rae1 g6 14. g4 h5 15. h3 Be7 16. f5 Nf8 17. fxe6 Nxe6 18. g5 h4 19. Nxc4 Qd8 20. Nd6+ Bxd6 21. exd6 Qxd6 22. Bf2 Qf4 23. Re3 Kf8 24. Qe2 Nxg5 25. Nxg5 Qxg5+ 26. Kh1 Kg7 27. Qf3 Qh5 28. Qf4 Qh6 29. Qf3 Qh5 30. Qf4 1/2-1/2